Narains representative political thinkers (Record no. 222999)

MARC details
000 -LEADER
fixed length control field 00826nam a22002297a 4500
005 - DATE AND TIME OF LATEST TRANSACTION
control field 20220519113032.0
008 - FIXED-LENGTH DATA ELEMENTS--GENERAL INFORMATION
fixed length control field 220519b ||||| |||| 00| 0 eng d
020 ## - INTERNATIONAL STANDARD BOOK NUMBER
International Standard Book Number 9789387346239
040 ## - CATALOGING SOURCE
Transcribing agency Aloy
041 ## - LANGUAGE CODE
Language code of text/sound track or separate title eng
082 ## - DEWEY DECIMAL CLASSIFICATION NUMBER
Edition number 23
Classification number 320.5
Item number SHAN
100 ## - MAIN ENTRY--PERSONAL NAME
Personal name U Sharma
100 ## - MAIN ENTRY--PERSONAL NAME
9 (RLIN) 37925
245 ## - TITLE STATEMENT
Title Narains representative political thinkers
260 ## - PUBLICATION, DISTRIBUTION, ETC.
Place of publication, distribution, etc. Agra:
Name of publisher, distributor, etc. Lakshmi Narain Agarwal,
Date of publication, distribution, etc. 2022.
300 ## - PHYSICAL DESCRIPTION
Extent iv,466p.
Other physical details PB
Dimensions 20x18cm.
365 ## - TRADE PRICE
Source of price type code Political Science
Price type code 818
Price amount 270.00
Currency code
Unit of pricing 300.00
Price note 20%
Price effective from 16-05-2022
520 ## - SUMMARY, ETC.
Summary, etc. Introduction to Poltical Thought<br/>Ancient Chinese Political Thought<br/>Greek Poltical Thought<br/>Utilitarianism and the Utilitarian Thinkers<br/>Manu <br/>Kautilya<br/>M K Gandhi<br/>
650 ## - SUBJECT ADDED ENTRY--TOPICAL TERM
Topical term or geographic name entry element Political Thinkers
9 (RLIN) 37922
650 ## - SUBJECT ADDED ENTRY--TOPICAL TERM
Topical term or geographic name entry element Poltical Science
9 (RLIN) 37923
700 ## - ADDED ENTRY--PERSONAL NAME
Personal name SHARMA (U)
9 (RLIN) 37924
942 ## - ADDED ENTRY ELEMENTS (KOHA)
Source of classification or shelving scheme Dewey Decimal Classification
Koha item type Book
Holdings
Withdrawn status Lost status Source of classification or shelving scheme Damaged status Not for loan Collection code Home library Current library Date acquired Source of acquisition Cost, normal purchase price Total Checkouts Full call number Barcode Date last seen Cost, replacement price Price effective from Koha item type Date due Date last checked out
    Dewey Decimal Classification   Reference Book Political Science St Aloysius Library St Aloysius Library 05/18/2022 Biblios Book Point, Surathkal, Mangalore-575014 270.00   320.5 SHAN 075809 05/19/2022 300.00 05/19/2022 Reference    
    Dewey Decimal Classification     Political Science St Aloysius Library St Aloysius Library 05/18/2022 Biblios Book Point, Surathkal, Mangalore-575014 270.00 1 320.5 SHAN 075810 06/25/2026 300.00 05/19/2022 Book 10/23/2026 06/25/2026
    Dewey Decimal Classification     Political Science St Aloysius Library St Aloysius Library 05/18/2022 Biblios Book Point, Surathkal, Mangalore-575014 270.00   320.5 SHAN 075811 05/19/2022 300.00 05/19/2022 Book